000 00537nam a2200181Ia 4500
999 _c29717
_d29717
003 OSt
005 20201204111859.0
008 190216s9999||||xx |||||||||||||| ||und||
020 _a9788182648944
040 _coclc
082 _a894.8124
_bMEN/J
100 _aMenon, K P Kesava
_93249
245 0 _aJeevithachinthakal /
_cK P Kesava Menon
260 _bMathrubhumi Printing And Publishing,
_c2010.
_aKozhikode:
300 _a175p
650 _aLekhanam
942 _cBK
_2ddc
_h894.8124
_iMEN/J
_k894.8124
_mMEN/J